书目信息 |
| 题名: |
经济法
|
|
| 作者: | 游文丽 主编 ;中华会计网校 编 | |
| 分册: | ||
| 出版信息: | 北京 中国财政经济出版社 2008.12 |
|
| 页数: | 293页 | |
| 开本: | 26cm | |
| 丛书名: | 2009年中级会计职称考试梦想成真系列丛书 | |
| 单 册: | ||
| 中图分类: | D922.29-44 | |
| 科图分类: | ||
| 主题词: | 经济法--Jing Ji Fa--中国--资格考核--题解 | |
| 电子资源: | ||
| ISBN: | 978-7-5095-1143-5 | |
| 000 | 00935nam0 2200241 450 | |
| 001 | CAL 012009024020 | |
| 005 | 20111229092307.29 | |
| 010 | @a978-7-5095-1143-5@dCNY36.00 | |
| 100 | @a20080309d2008 ekmy0chiy0121 ea | |
| 101 | 0 | @achi |
| 102 | @aCN@b110000 | |
| 105 | @ay z 000yy | |
| 200 | 1 | @a经济法@AJing Ji Fa@f中华会计网校编@g游文丽主编 |
| 210 | @a北京@c中国财政经济出版社@d2008.12 | |
| 215 | @a293页@d26cm | |
| 225 | 2 | @a2009年中级会计职称考试梦想成真系列丛书@A2009 Nian Zhong Ji Kuai Ji Zhi Cheng Kao Shi Meng Xiang Cheng Zhen Xi Lie Cong Shu@i经典题解 |
| 410 | 0 | @12001 @a2009年中级会计职称考试梦想成真系列丛书@i经典题解 |
| 606 | 0 | @a经济法@AJing Ji Fa@y中国@x资格考核@x题解 |
| 690 | @aD922.29-44@v4 | |
| 701 | 0 | @a游文丽@AYou Wenli@c(法学)@4主编@3CAL n2004158908#@7jt0yjt0y@7ec0yec0y |
| 712 | 02 | @a中华会计网校@AZhong Hua Kuai Ji Wang Xiao@4编 |
| 801 | 0 | @aCN@bSDFIL@c20111229 |
| 905 | @aZUCC@dD922.29-44@eZ671@f3 | |
| 经济法/中华会计网校编/游文丽主编.-北京:中国财政经济出版社,2008.12 |
| 293页;26cm.-(2009年中级会计职称考试梦想成真系列丛书.经典题解) |
| ISBN 978-7-5095-1143-5:CNY36.00 |
| ● |
| 相关链接 |
|
|
|
正题名:经济法
索取号:D922.29-44/Z671
 
预约/预借
| 序号 | 登录号 | 条形码 | 馆藏地/架位号 | 状态 | 备注 |
| 1 | 1185943 | 211859434 | 社科库509/509社科库 87排5列5层/ [索取号:D922.29-44/Z671] | 在馆 | |
| 2 | 1185944 | 211859443 | 社科库509/509社科库 87排5列5层/ [索取号:D922.29-44/Z671] | 在馆 | |
| 3 | 1185945 | 211859452 | 社科库509/509社科库 87排5列5层/ [索取号:D922.29-44/Z671] | 在馆 |